Las Tres Erres: (Record no. 1756)

000 -CABECERA
fixed length control field 00849nam a22002417a 4500
003 - IDENTIFICADOR DEL NÚMERO DE CONTROL
control field AR-CdUCM
008 - DATOS DE LONGITUD FIJA--INFORMACIÓN GENERAL
fixed length control field 190227b ||||| |||| 00| 0 spa d
040 ## - FUENTE DE LA CATALOGACIÓN
Agencia/entidad que catalogó originalmente la obra MUNICIPALIDAD PROVINCIAL DEL CUSCO
Entidad que transcribió la catalogación BIBLIOTECA MUNICIPAL DEL CUSCO
082 ## - NÚMERO DE LA CLASIFICACIÓN DECIMAL DEWEY
No. de Clasificación 973 /
Notacion interna T98
100 ## - ENTRADA PRINCIPAL--NOMBRE DE PERSONA
Nombre Personal Twain, Mark
245 ## - MENCIÓN DE TÍTULO
Título Las Tres Erres:
Resto del título raza, religión y revolución /
260 ## - PUBLICACIÓN, DISTRIBUCIÓN, ETC.
Lugar de publicación, distribución, etc. España :
Nombre de la editorial, distribuidor, etc. Labor S. A. ;
Fecha de publicación, distribución, etc. 1975.
300 ## - DESCRIPCIÓN FÍSICA
Nº de Páginas Extensión 319 páginas
Dimensiones 18cm
440 ## - MENCIÓN DE SERIE/PUNTO DE ACCESO ADICIONAL--TÍTULO
Título Colección Universitaria de Bolsillo, Punto Omega
Número de la parte/sección de una obra Antropología y sociología, 192.
9 (RLIN) 6454
505 ## - NOTA DE CONTENIDO CON FORMATO
Nota de contenido formateada La Raza -- La Religión -- La Revolución -- Temas relacionados
650 ## - PUNTO DE ACCESO ADICIONAL DE MATERIA--TÉRMINO DE MATERIA
Descriptor Raza anglosajona
9 (RLIN) 6455
650 ## - PUNTO DE ACCESO ADICIONAL DE MATERIA--TÉRMINO DE MATERIA
Descriptor Moros
9 (RLIN) 6456
650 ## - PUNTO DE ACCESO ADICIONAL DE MATERIA--TÉRMINO DE MATERIA
Descriptor Misioneros de China
9 (RLIN) 6457
650 ## - PUNTO DE ACCESO ADICIONAL DE MATERIA--TÉRMINO DE MATERIA
Descriptor Imperialismo
9 (RLIN) 3454
650 ## - PUNTO DE ACCESO ADICIONAL DE MATERIA--TÉRMINO DE MATERIA
Descriptor Cristianismo
9 (RLIN) 6458
942 ## - ELEMENTOS DE PUNTO DE ACCESO ADICIONAL (KOHA)
Fuente de clasificación
Tipo de item Libros-BMC
945 ## - PROCESAMIENTO DE INFORMACIÓN LOCAL (OCLC)
Catalogador nom
AAAA-MM-DD - Fecha de ingreso o modificacion 2019-02-27
Holdings
Estado de retiro (separado) Fuente de clasificación o esquema de estanterías Estado dañado Ubicación Sala donde se ubica Nombre de la colección Fecha de adquisición o compra Costo, precio normal en soles Signatura topográfica Código de Barras Última vez visto (Koha) Tipo de ítem (Koha)
No     Sala Humanidades Sala Humanidades Book Cart 2019-02-27 20.00 973 / T98 SH0000002098 2019-02-27 Libros-BMC

Powered by Koha